| 000 | 00668nam a2200157 a 4500 | ||
|---|---|---|---|
| 008 | 160105s2015 ||||||||||||||||| || u | ||
| 050 | _aUNEP(02)2015/2 | ||
| 110 | _aUnited Nations Environment Programme (UNEP) | ||
| 245 | 1 | 0 |
_aClimate change 2014: synthesis report _cUnited Nations Environment Programme (UNEP) |
| 260 |
_aGeneva: _bUnited Nations Environment Programme (UNEP) _c2015 |
||
| 300 | _axvi,151p.: ill. | ||
| 500 | _aBibliography | ||
| 650 | _aGREENHOUSE GASES--ENVIRONMENTAL ASPECTS | ||
| 650 | 0 | _aCLIMATE CHANGES | |
| 995 |
_FCBU-MAIN LIBRARY (Kitwe) _M1 _UAVAILABLE _WJan 7, 2016 _ZInternational Publications |
||
| 999 |
_c37581 _d37581 |
||